Statistics for Monster Energy NASCAR Cup Series Tracks City/State

Click here to take the quiz!

General Stats

  • This quiz has been taken 133 times
  • The average score is 18 of 21

Answer Stats

TrackCity/State% Correct
Daytona International SpeedwayDaytona Beach, FL
92%
Homestead-Miami SpeedwayHomestead, FL
92%
Auto Club SpeedwayFontana, CA
90%
Atlanta Motor SpeedwayHampton, GA
90%
Indianapolis Motor SpeedwaySpeedway, IN
90%
Las Vegas Motor SpeedwayLas Vegas, NV
89%
Charlotte Motor SpeedwayConcord, NC
88%
Kentucky SpeedwaySparta, KY
88%
Bristol Motor SpeedwayBristol, TN
87%
Michigan International SpeedwayBrooklyn, MI
87%
Darlington RacewayDarlington, SC
86%
Martinsville SpeedwayMartinsville, VA
86%
Richmond RacewayRichmond, VA
86%
Sonoma RacewaySonoma, CA
86%
Watkins Glen InternationalWatkins Glen, NY
86%
Dover International SpeedwayDover, DE
85%
Kansas SpeedwayKansas City, KS
85%
New Hampshire Motor SpeedwayLoudon, NH
85%
Chicagoland SpeedwayJoliet, IL
83%
Texas Motor SpeedwayForth Worth, TX
82%
Pocono RacewayPocono, PA
77%

Score Distribution

Percentile by Number Answered

Percent of People with Each Score

Your Score History

You have not taken this quiz